000 00700nam a22002177a 4500
999 _c8771
_d8771
003 AR-CdUCM
008 190326b ||||| |||| 00| 0 pl d
020 _a97883-242-2327-5
040 _aMUNICIPALIDAD PROVINCIAL DEL CUSCO
_cBIBLIOTECA MUNICIPAL DEL CUSCO
082 _a985.6 /
_bK21
100 _aKania, Marta
_924469
245 _aMachupicchu :
_bMiedzy archeologia i polityka /
260 _aCracovia :
_bUniversitas,
_c2013.
300 _a292 páginas ;
_bFotografías,
_c20 cm.
505 _aContenido: Machupicchu, arqueología y política en idioma Polaco.
650 _aMachupicchu
_91751
650 _aPolonia
_99922
650 _aCracovia
_924470
942 _2ddc
_cLIBROS
945 _adavv